000
00296nam a2200109Ia 4500
008
220204s9999 xx 000 0 und d
082
_a
301.17
_b
RAD
100
_a
Radclife-Brown
245
0
_a
Structure and function in primitive society
260
_a
London
_b
Routledge and Kegan
_c
1976
942
_c
BK
999
_c
29603
_d
29603